000 00593nam a2200193 4500
001 121158
003 ES-MaACL
005 20230906191712.0
007 t|
008 070214s1969 sp r ||||1| spa d
100 1 _aPrestidge, Pauline.
_993794
245 1 0 _aTu libro de gimnasia /
_cpor Pauline y Jim Prestidge ; traducción Carlos Lehwkuhl.
260 _aBarcelona :
_bSintes,
_c1969.
300 _a84 p., 10 lám. ;
_c22 cm.
700 1 _aPrestidge, Pauline.
_993794
700 1 _aPrestidge, Jim.
_993793
700 1 _aLehwkuhl, Carlos.
_971362
852 _aES-MaACL
_jC-47826
_bR.72961
999 _c121158
_d121158